60 banderas menos adivinadas de JetPunk - Estadísticas

Estadísticas generales
  • Esta prueba ha sido intentada 351 veces
  • La puntuación promedio es 48 de 60
Estadísticas de respuestas
Imagen Respuesta % Correcto
Mauritania
91%
Turkmenistán
91%
Libia
89%
Kuwait
88%
Maldivas
88%
Omán
88%
Yemen
88%
Brunéi
87%
Comoras
87%
Kiribati
87%
Laos
86%
Cabo Verde
85%
Chad
85%
Estados Federados de Micronesia
85%
Etiopía
85%
Guyana
85%
Islas Marshall
85%
Mongolia
85%
Sudán del Sur
85%
Tayikistán
85%
Baréin
84%
Dominica
84%
Kirguistán
84%
Malaui
84%
Mozambique
84%
Granada
83%
Botsuana
82%
Nauru
82%
Surinam
82%
Burundi
81%
Eritrea
81%
Zimbabue
81%
Sudán
80%
Guinea Ecuatorial
79%
Ruanda
79%
Samoa
79%
Santa Lucía
79%
Fiyi
78%
Lesoto
78%
República del Congo
78%
San Cristóbal y Nieves
78%
Timor Oriental
78%
Zambia
78%
Sierra Leona
77%
Vanuatu
77%
Bolivia
76%
Malí
76%
Mauricio
76%
San Vicente y las Granadinas
76%
Togo
76%
República Centroafricana
75%
Santo Tomé y Príncipe
75%
Namibia
73%
Yibuti
73%
Guinea
71%
Tuvalu
71%
Benín
69%
Islas Salomón
68%
Guinea-Bissau
67%
Gambia
65%
No se encontraron pruebas coincidentes
Distribución de puntuación
Porcentaje de gente con cada puntuación
Porcentaje por número respondido
Historial de tus puntuaciones
No has intentado esta prueba.